| 000 | 00339nam a2200133Ia 4500 | ||
|---|---|---|---|
| 008 | 191201s1996 xx 000 0 und d | ||
| 082 |
_a677.02864 _bPAD |
||
| 100 | _aPARMAR, M S | ||
| 245 | 0 | _aDenim: A fabric for All Dying, Weaving, Finishing | |
| 260 |
_aN.Delhi _bNITRA _c1996 |
||
| 300 | _a169 | ||
| 650 | _aB.Tech(TE) | ||
| 942 |
_2ddc _cBK |
||
| 999 |
_c3875 _d3875 |
||